RICS continuing professional development rules: (Record no. 122346)
[ view plain ]
| 000 -LEADER | |
|---|---|
| fixed length control field | 01093nam a22002417a 4500 |
| 005 - DATE AND TIME OF LATEST TRANSACTION | |
| control field | 20260424104538.0 |
| 008 - FIXED-LENGTH DATA ELEMENTS--GENERAL INFORMATION | |
| fixed length control field | 260424t2026 xxk|||||o|||| 00| 0 eng d |
| 041 ## - LANGUAGE CODE | |
| Language code of text/sound track or separate title | eng |
| 110 ## - MAIN ENTRY--CORPORATE NAME | |
| Corporate author | Royal Institution of Chartered Surveyors |
| 245 ## - TITLE STATEMENT | |
| Title | RICS continuing professional development rules: |
| Subtitle | requirements |
| Medium | [Electronic resource] |
| 250 ## - EDITION | |
| Edition statement | v.1 |
| 260 ## - PUBLICATION INFORMATION | |
| Place of publication | London, |
| Publisher | Royal Institution of Chartered Surveyors, |
| Date | 2026 |
| 300 ## - PHYSICAL DESCRIPTION | |
| Physical description | 8p. |
| 490 ## - SERIES TITLE | |
| Series statement | RICS Regulation |
| 490 ## - SERIES TITLE | |
| Series statement | RICS Rules |
| 520 ## - ABSTRACT | |
| Abstract | These rules take effect on 1 January 2026. These rules have been adopted by the Standards and Regulation Board, under the power delegated to it by Governing Council. For the avoidance of doubt, they constitute ‘Rules’ as <br/>defined in the RICS Bye-Laws. |
| 650 ## - KEYWORDS | |
| Keywords | CONTINUING PROFESSIONAL DEVELOPMENT |
| 651 ## - SUBJECT ADDED ENTRY--GEOGRAPHIC NAME | |
| Geographic name | International |
| 690 ## - BROAD SUBJECT | |
| Broad subject | RICS |
| 9 (RLIN) | 6277 |
| 710 ## - ADDED CORPORATE NAME | |
| Added corporate author | Royal Institution of Chartered Surveyors |
| 856 ## - ONLINE RESOURCE | |
| Uniform Resource Identifier | <a href="https://www.rics.org/content/dam/ricsglobal/documents/regulation/CPD-rules_requirements_Jan2026.pdf">https://www.rics.org/content/dam/ricsglobal/documents/regulation/CPD-rules_requirements_Jan2026.pdf</a> |
| Public note | Available free on RICS.org |
| 942 ## - ADDED ENTRY ELEMENTS (KOHA) | |
| Suppress in OPAC | Do not suppress in OPAC |
| Lost status | Damaged status | Not for loan | Current library | Shelving location | Date acquired | Total Checkouts | Full call number | Date last seen | Price effective from | Koha item type |
|---|---|---|---|---|---|---|---|---|---|---|
| Virtual | Online | 24/04/2026 | ONLINE PUBLICATION | 24/04/2026 | 24/04/2026 | Online material |